000 005260000a22001810004500
003 MACL
005 20151211125506.0
008 151211b xxu||||| |||| 00| 0 eng d
040 _aMACL
_cMACL
041 _aHindi
082 _a741.642
100 _aकन्‍हैयालाल गोयल
_919925
245 _aजासूसी कहानियां
260 _bपरमहंस प्रकाशन
_c1999
350 _a60
650 _aचिल्‍डन बुक
_9314
942 _cHIN
_k741,642
_2ddc
999 _c9740
_d9740